Представление документа в формате MARC21

Поле Инд. ПП Название Значение
Тип записи a
Библиографический уровень b
001 Контрольный номер RU/IS/BASE/387306777
005 Дата корректировки 20251002103318.4
008 Кодируемые данные 20120409
084 a Индекс другой классификации/Индекс ББК 65.291.9
100 1_ a Автор Носкова О.
245 a Заглавие Управление денежными средствами организации в условиях рыночных преобразований
504 a Библиография Библиогр.
520 a Аннотация Рассматриваются вопросы управления основным активом предприятия - денежными средствами. Они необходимы для приобретения техники, производственных материалов, оплаты труда, расчетов с бюджетом и другими звеньями финансово-кредитной системы.
650 a Основная рубрика финансы предприятия
a Основная рубрика экономика
a Основная рубрика экономика предприятия
653 a Ключевые слова активы предприятия
a Ключевые слова банковский счет
a Ключевые слова денежные документы
a Ключевые слова денежные средства предприятия
a Ключевые слова ликвидность предприятия
a Ключевые слова платежеспособность предприятия
a Ключевые слова прибыль предприятия
a Ключевые слова рыночная экономика
a Ключевые слова управление активами
a Ключевые слова управление финансами (финансовый менеджмент)
a Ключевые слова финансовый анализ
773 t Заглавие источника РИСК: ресурсы, информация, снабжение, конкуренция
d Дата издания источника 2011
g Прочая информация № 4. - С. 606 - 608 : табл.
w Контрольный № источника RU/IS/BASE/384345860
901 t Тип документа b